Quiz o Krośnie - Statystyki

Ogólne statystyki
  • Ten quiz został rozwiązany 104 razy
  • Średni wynik to 9 z 15
Statystyki odpowiedzi
Pytanie Odpowiedź % Poprawnych
Jakie tablice rejestracyjne obowiązują w Krośnie? RK | YK
84%
W jakim miesiącu odbywa się wydarzenie "Balony nad Krosnem"? Maj
80%
Czego huta znajduje się w Krośnie? Szkła
76%
Jak nazywa się główna rzeka płynąca przez Krosno? Wisłok
76%
Jak nazywa się klub piłkarski z Krosna? Karpaty Krosno
72%
W jakim wieku Krosno otrzymało prawa miejskie? XIV
70%
Jak nazywa się klub żużlowy z Krosna? Wilki Krosno
68%
Jak nazywa się miejscowość koło Krosna, w której znajduje się zamek? Odrzykoń
66%
Jakie przejście graniczne (Polska-Słowacja) znajduje się najbliżej Krosna? Barwinek - Vyšný Komárnik
62%
Jakie jest hasło promocyjne Krosna? Krosno - {Miasto Szkła}
62%
Do jakiego miasta jest najbliżej z Krosna? Jedlicze
48%
Kto jest prezydentem Krosna? Piotr Przytocki
36%
Jak nazywa się stacja radiowa z siedzibą w Krośnie? Trendy Radio
34%
Jak jest "Krosno" po niemiecku? Krossen
26%
W jakim mezoregionie leży Krosno? Kotlina {Jasielsko-Krośnieńska}
18%
Nie znaleziono quizów pasujących do podanych kryteriów
Rozkład punktacji
Procent ludzi z każdym wynikiem
Percentyl według liczby udzielonych odpowiedzi
Twoja historia wyników
Nie rozwiązałeś tego quizu